[Event "ROM-ch U18"]
[Site "Baile Felix"]
[Date "2017.02.09"]
[Round "9"]
[White "Oprea, Stefan Teodor"]
[Black "Geiger, Alex Emanuel"]
[Result "0-1"]
[WhiteElo "1622"]
[BlackElo "2155"]
[PlyCount "72"]
[EventDate "2017.02.02"]
[EventType "swiss"]
[EventRounds "9"]
[EventCountry "ROU"]
[SourceTitle "EXT 2018"]
[Source "ChessBase"]
[SourceDate "2017.10.13"]
[SourceVersion "1"]
[SourceVersionDate "2017.10.13"]
[SourceQuality "1"]

1. d4 c5 2. d5 e5 3. c4 d6 4. e4 g6 5. Bd3 Bg7 6. Ne2 Ne7 7. Be3 0-0 8. 0-0 f5 9. f3 f4 10. Bf2 g5 11. a3 Rf6 12. b4 b6 13. Nbc3 Rh6 14. Rb1 Qe8 15. g4 fxg3 16. Nxg3 Ng6 17. Nb5 Nf4 18. Be3 Qf7 19. a4 cxb4 20. Rxb4 Na6 21. Rb1 Bh3 22. Rf2 Bd7 23. Kf1 Nh3 24. Ra2 Nc5 25. Bxc5 bxc5 26. Ke1 Qf4 27. Be2 Ng1 28. Qd2 Rxh2 29. Qxf4 exf4 30. Nf1 Nxf3+ 31. Kd1 Rh1 32. Nxd6 Bh3 33. Kc2 Nd4+ 34. Kd2 f3 35. Bd3 Bxf1 36. Rxf1 Rh2+ 0-1

[Event "ROM-ch U16"]
[Site "Calimanesti"]
[Date "2015.04.02"]
[Round "5"]
[White "Oprea, Stefan Teodor"]
[Black "Arsene, Marinel"]
[Result "1/2-1/2"]
[WhiteElo "1593"]
[BlackElo "1682"]
[PlyCount "70"]
[EventDate "2015.03.30"]
[EventType "swiss"]
[EventRounds "9"]
[EventCountry "ROU"]
[SourceTitle "CBM 165 Extra"]
[Source "ChessBase"]
[SourceDate "2015.04.21"]
[SourceVersion "1"]
[SourceVersionDate "2015.04.21"]
[SourceQuality "1"]

1. d4 c5 2. c4 e6 3. Nf3 cxd4 4. Nxd4 Nc6 5. Nxc6 bxc6 6. Nc3 d5 7. e3 Nf6 8. a3 a5 9. Be2 Bd6 10. 0-0 0-0 11. Rb1 Qe7 12. Bd2 Ba6 13. Qa4 Qc7 14. h3 Nd7 15. cxd5 Bxe2 16. Nxe2 cxd5 17. Rfc1 Qa7 18. Nd4 Nb6 19. Qb5 Nc4 20. Be1 Rab8 21. Nc6 Qd7 22. Qa4 Rb6 23. b3 Qxc6 24. Qxc6 Rxc6 25. bxc4 Bxa3 26. Rc2 Rfc8 27. Ra2 Bb4 28. Bxb4 axb4 29. Rxb4 dxc4 30. Kf1 g6 31. Ke2 Rc5 32. Rc2 Kf8 33. Kd2 R8c7 34. Kc3 Ke7 35. Rd2 e5 1/2-1/2